| 000 -LEADER |
| fixed length control field |
nam a22 a 4500 |
| 003 - CONTROL NUMBER IDENTIFIER |
| control field |
AM-YeNLA |
| 005 - DATE AND TIME OF LATEST TRANSACTION |
| control field |
20260401171608.0 |
| 006 - FIXED-LENGTH DATA ELEMENTS--ADDITIONAL MATERIAL CHARACTERISTICS |
| fixed length control field |
a||||gr|||| 000 p |
| 007 - PHYSICAL DESCRIPTION FIXED FIELD--GENERAL INFORMATION |
| fixed length control field |
ta |
| 008 - FIXED-LENGTH DATA ELEMENTS--GENERAL INFORMATION |
| fixed length control field |
260401n0000 le ||||gr|||| 00| p tur | |
| 040 ## - CATALOGING SOURCE |
| Original cataloging agency |
AM-YeNLA |
| Language of cataloging |
arm |
| Transcribing agency |
AM-YeNLA |
| 041 0# - LANGUAGE CODE |
| Language code of text/sound track or separate title |
tur |
| 100 1# - MAIN ENTRY--PERSONAL NAME |
| Personal name |
Ունճեան, Յովհաննէս |
| 9 (RLIN) |
44150 |
| 245 10 - TITLE STATEMENT |
| Title |
Գըզլար տէսթանը |
| Medium |
[Թերթիկային հրատարակություն] / |
| Statement of responsibility, etc. |
Յովհաննէս Ունճեան. |
| 246 13 - VARYING FORM OF TITLE |
| Title proper/short title |
[Աղջիկների դեստանը] |
| 260 ## - PUBLICATION, DISTRIBUTION, ETC. (IMPRINT) |
| Place of publication, distribution, etc. |
Պէյրութ ։ |
| Name of publisher, distributor, etc. |
[Առանց հրատ.], |
| Date of publication, distribution, etc. |
[Առանց հրատ. թվ.]. |
| 300 ## - PHYSICAL DESCRIPTION |
| Extent |
1 ծալված թերթ ; |
| Dimensions |
41 սմ. |
| 500 ## - GENERAL NOTE |
| General note |
Նյութը թվայնացվել է Հայաստանի ազգային գրադարանում ։ |
| 500 ## - GENERAL NOTE |
| General note |
Շարվածքը՝ 30x18.5 սմ ։ |
| 500 ## - GENERAL NOTE |
| General note |
Նյութը նկարագրվել է ըստ Հասմիկ Ստեփանյանի «Հայատառ թուրքերէն գրքերի եւ հայատառ թուրքերէն պարբերական մամուլի մատենագիտութիւն» գրքի ։ |
| 650 17 - SUBJECT ADDED ENTRY--TOPICAL TERM |
| 9 (RLIN) |
40195 |
| Topical term or geographic name as entry element |
Պոեզիա |
| 650 24 - SUBJECT ADDED ENTRY--TOPICAL TERM |
| 9 (RLIN) |
39188 |
| Topical term or geographic name as entry element |
Հայատառ թուրքերեն գրքեր |
| 856 41 - ELECTRONIC LOCATION AND ACCESS |
| Uniform Resource Identifier |
http://haygirk.nla.am/upload/1512-1940/1901-1940/untchean_gzlar_testhany_s.a.pdf |
| Link text |
Կարդալ առցանց |
| 942 ## - ADDED ENTRY ELEMENTS (KOHA) |
| Source of classification or shelving scheme |
|
| Koha item type |
Books |
| 998 ## - LOCAL CONTROL INFORMATION (RLIN) |
| Cataloger's initials, CIN (RLIN) |
AS |